00584nam a2200181 a 4500008004100000020001500041050001800056100001900074245008200093260004400175260005700219300002100276350000900297500001700306650003300323650002600356700002000382060424s1976 ||||||||||||||||| || u a0903031337 aHD 2131.5 Man aMann, Robert D10aRural Africa development project : identifying the problems of small farmers  aLondon :bINTERMEDIATE TECHNOLOGYc1976 aLondon :bINTERMEDIATE TECHNOLOGY PUBLICATIONSc1976 avi, 49 p. : ill. a0.00 aBibliography aAGRICULTURAL SURVEYS--ZAMBIA aFARMS, SMALL - ZAMBIA aBoyd, John E. L